Zapojení zákazníků do inovačního procesu jako prostředek vedoucí ke zvyšování výkonnosti podniku

Pohľad na inovačný proces v podniku. Základné princípy otvorenej inovácie.Vplyv zapojenia zákazníkov a ďalších partnerov do inovačného procesu na výkonnosť podniku.

Salvato in:
Dettagli Bibliografici
Autore principale: Žižlavý, Ondřej
Natura: Capitolo di libro
Lingua:ceco
Soggetti:
Tags: Aggiungi Tag
Nessun Tag, puoi essere il primo ad aggiungerne!!

MARC

LEADER 00000nla$a2200000$$$4500
001 0133850
005 20240209071746.3
041 0 |a cze 
044 |a CZ 
245 1 0 |a Zapojení zákazníků do inovačního procesu jako prostředek vedoucí ke zvyšování výkonnosti podniku  |c Ondřej Žižlavý 
520 |a Pohľad na inovačný proces v podniku. Základné princípy otvorenej inovácie.Vplyv zapojenia zákazníkov a ďalších partnerov do inovačného procesu na výkonnosť podniku. 
610 2 0 |a stratégia inovačná 
610 2 0 |a výkony podnikové 
610 2 0 |a podnik 
610 2 0 |a spotrebitelia 
610 2 0 |a zákazníci 
610 2 0 |a procesy podnikové 
100 1 |a Žižlavý, Ondřej